000 00349nam a2200109Ia 4500
008 200302s9999 xx 000 0 und d
100 _aPatricia Bayer
245 _aArt Deco Architecture Desgn Decoration and Detail from the Twenties and Thirties with 376 illustrion, 146 in Colour
260 _bThams and Hudson Ltd.,
260 _c1999
300 _a224
999 _c3696
_d3696